José Martí y Chile

Đã lưu trong:
Chi tiết về thư mục
Tác giả chính: Benítez G., Jorge (Tác giả)
Định dạng: Sách
Ngôn ngữ:Tiếng Tây Ban Nha
Được phát hành: Santiago LOM 1995
Loạt:Colección Sin Norte
Những chủ đề:
Các nhãn: Thêm thẻ
Không có thẻ, Là người đầu tiên thẻ bản ghi này!

MARC

LEADER 00000nam a2200000 a 4500
001 UCM9389
003 CL-VaPUC
005 20210903122226.0
008 030425e19950000CL |||||||||||||||||spa|d
999 |c 303660  |d 303658 
040 |c Pontificia Universidad Católica de Valparaíso 
082 0 4 |a 972.91  |b BEN  |2 21 
100 0 |a Benítez G., Jorge  |e author  |9 475872 
245 1 0 |a José Martí y Chile 
260 |a Santiago  |b LOM  |c 1995 
300 |a 230 p 
490 0 |a Colección Sin Norte 
583 |a last modification  |c 20160913 11:38:41  |k Rodrigo Vera 
600 0 |a Martí, José,   |d 1853-1895  |9 475873 
650 7 |a FILOSOFIA POLITICA  |2 CL-VaPUC  |9 475874 
650 0 |a Historia de América  |9 266076 
942 |c BK  |2 ddc 
945 |d 20030425 00:00:00  |a vberengu 
952 |0 0  |1 0  |4 0  |6 972_910000000000000_BEN_1995  |7 0  |8 A  |9 365126  |a BIBHIS  |b BIBHIS  |d 2019-11-21  |i 3892751  |o 972.91 BEN 1995  |p 3892751  |r 2025-01-20  |w 2019-11-21  |y BK  |k HIS